000 00694nam a2200217Ia 4500
003 GCL
008 140319s9999 xx 000 0 ara d
040 _aGCL /
_cGCL
082 0 4 _a819.9
_bع ب
100 1 _aعباس محمود العقاد
245 1 0 _aعبقرى الاصلاح والتعليم - الاستاذ الامام محمد عبده /
_cعباس محمود العقاد
260 _a[S.N] :
_bوزارة الثقافة والارشاد القومى
300 _a278 ص
490 _a
650 0 4 _aالعصر الحديث
650 0 4 _aمصر
650 0 4 _aالاسلام
650 0 4 _aالتاريخ
650 0 4 _aمحمد عبده (الامام)
942 _2ddc
_cBK
999 _c58671
_d58671